00462nam a2200169Ia 4500003000400000005001700004008004100021020001900062040002700081100002100108245002900129260001900158260000900177942001200186999001300198952008100211OSt20240127115840.0170523s9999 xx 000 0 und d a978-0132863773 ciimt university meerut aMASSIE- JOSEPH L 0aESSENTIALS OF MANAGEMENT bNEW DELHI PHI c1995 2ddcc02 c104d104 00102ddc4070a01b01d2017-05-31p01-B-358r2017-05-31w2017-05-31y02z